[Event "Almeria Indalo op"]
[Site "Almeria"]
[Date "2015.02.27"]
[Round "2"]
[White "Fernandez Rodriguez, Ramon"]
[Black "Jimenez Bernal, Francisco"]
[Result "1/2-1/2"]
[WhiteElo "1880"]
[BlackElo "2203"]
[PlyCount "56"]
[EventDate "2015.02.27"]
[EventType "swiss"]
[EventRounds "7"]
[EventCountry "ESP"]
[SourceTitle "CBM 165 Extra"]
[Source "ChessBase"]
[SourceDate "2015.04.21"]
[SourceVersion "1"]
[SourceVersionDate "2015.04.21"]
[SourceQuality "1"]

1. e4 c5 2. Nf3 d6 3. c3 Nf6 4. Be2 Bd7 5. d3 g6 6. 0-0 Bg7 7. Qb3 Qc7 8. Bf4 Nc6 9. Nbd2 0-0 10. d4 e5 11. dxe5 Nxe5 12. Bxe5 dxe5 13. Bc4 b5 14. Bd5 c4 15. Qd1 Nxd5 16. exd5 Bf5 17. Re1 Rad8 18. Ne4 Bxe4 19. Rxe4 Qc5 20. a4 a6 21. axb5 axb5 22. b4 Qxd5 23. Qxd5 Rxd5 24. Kf1 Rfd8 25. Ra7 f5 26. Re1 e4 27. Ng5 Bxc3 28. Nxh7 Rd1 1/2-1/2

[Event "RN-2014-0-00874"]
[Site "LSS email"]
[Date "2014.11.20"]
[Round "?"]
[White "Evtyugin, Yury Alekseevich"]
[Black "Fernandez Rodriguez, Ramon"]
[Result "0-1"]
[WhiteElo "846"]
[BlackElo "1016"]
[PlyCount "104"]
[EventDate "2014.11.15"]
[EventType "tourn (corr)"]
[EventRounds "6"]
[EventCountry "GER"]
[SourceTitle "Corr 2015"]
[Source "ChessBase"]
[SourceDate "2015.07.17"]
[SourceVersion "1"]
[SourceVersionDate "2015.07.17"]
[SourceQuality "1"]

1. Nf3 d5 2. d4 Nf6 3. Bf4 e6 4. Nc3 Bb4 5. a3 Bd6 6. Qd2 0-0 7. g3 Bxf4 8. Qxf4 Nbd7 9. Bg2 c6 10. 0-0 Nb6 11. e4 dxe4 12. Nxe4 Nxe4 13. Qxe4 Qd5 14. Nd2 Qxe4 15. Nxe4 Nd5 16. Nd6 Rd8 17. Nxc8 Raxc8 18. c4 Nf6 19. b4 Rxd4 20. c5 Rcd8 21. Bf3 Kf8 22. Rad1 Rxd1 23. Rxd1 Nd5 24. Kf1 e5 25. b5 e4 26. Be2 Ke7 27. bxc6 bxc6 28. Rd4 f5 29. Ra4 Rd7 30. Ra6 Rc7 31. Bc4 Ke6 32. Bb5 Ne7 33. Ke2 Kd5 34. Ba4 Kxc5 35. Ra5+ Kd4 36. Kd2 g5 37. Bb3 Nd5 38. Ra4+ Ke5 39. Rc4 c5 40. Ke2 Nb6 41. Rc1 c4 42. Ba2 c3 43. Bb3 f4 44. gxf4+ gxf4 45. a4 Rc5 46. a5 Na8 47. Bg8 h6 48. f3 e3 49. Bb3 Nc7 50. Kd3 Na6 51. Bc2 Nb4+ 52. Ke2 Rxa5 0-1

[Event "RN-2014-0-00874"]
[Site "LSS email"]
[Date "2014.11.20"]
[Round "?"]
[White "Fernandez Rodriguez, Ramon"]
[Black "Bester, Kazimierz"]
[Result "1-0"]
[WhiteElo "1016"]
[BlackElo "665"]
[PlyCount "66"]
[EventDate "2014.11.15"]
[EventType "tourn (corr)"]
[EventRounds "6"]
[EventCountry "GER"]
[SourceTitle "Corr 2015"]
[Source "ChessBase"]
[SourceDate "2015.07.17"]
[SourceVersion "1"]
[SourceVersionDate "2015.07.17"]
[SourceQuality "1"]

1. e4 d5 2. exd5 Qxd5 3. Nf3 Nf6 4. d4 Bg4 5. Be2 Nc6 6. c3 0-0-0 7. 0-0 Qh5 8. Qc2 e6 9. Re1 Bd6 10. Nbd2 Nd5 11. Ne4 Be7 12. Ng3 Qg6 13. Qxg6 hxg6 14. Bd2 f5 15. Bc4 Bxf3 16. gxf3 g5 17. Rxe6 f4 18. Nf5 Bf6 19. Rae1 g6 20. Nd6+ Rxd6 21. Rxd6 cxd6 22. Bxd5 Ne7 23. Be6+ Kc7 24. Bg4 Kc6 25. c4 Re8 26. Bc3 d5 27. Re6+ Kc7 28. Rxf6 dxc4 29. Re6 b5 30. d5 Kd8 31. Bf6 b4 32. d6 c3 33. Bxe7+ Kd7 1-0

[Event "RN-2014-0-00874"]
[Site "LSS email"]
[Date "2014.11.20"]
[Round "?"]
[White "Guaimare Rodriguez, Carlos Luis"]
[Black "Fernandez Rodriguez, Ramon"]
[Result "0-1"]
[WhiteElo "870"]
[BlackElo "1016"]
[PlyCount "56"]
[EventDate "2014.11.15"]
[EventType "tourn (corr)"]
[EventRounds "6"]
[EventCountry "GER"]
[SourceTitle "Corr 2015"]
[Source "ChessBase"]
[SourceDate "2015.07.17"]
[SourceVersion "1"]
[SourceVersionDate "2015.07.17"]
[SourceQuality "1"]

1. d4 b6 2. c4 Bb7 3. Nc3 e6 4. e4 Nf6 5. e5 Ne4 6. Nf3 Bb4 7. Bd2 Nxd2 8. Qxd2 0-0 9. a3 Be7 10. Bd3 f5 11. Qf4 g5 12. Qg3 Kh8 13. Ne2 d6 14. h4 g4 15. Ng5 Bxg5 16. hxg5 Qxg5 17. Nf4 Qg8 18. 0-0-0 Nc6 19. Qh4 Nxd4 20. Qe7 Rf7 21. Qh4 dxe5 22. Ne2 Nb3+ 23. Kb1 Bxg2 24. Rh2 Bf3 25. Qg3 f4 26. Qh4 e4 27. Bc2 Nc5 28. Nc3 Bxd1 0-1

[Event "RN-2014-0-00861"]
[Site "LSS email"]
[Date "2014.10.25"]
[Round "?"]
[White "Fernandez Rodriguez, Ramon"]
[Black "Fridich, Vaclav Sr"]
[Result "1-0"]
[WhiteElo "1009"]
[BlackElo "910"]
[PlyCount "49"]
[EventDate "2014.10.16"]
[EventType "tourn (corr)"]
[EventRounds "6"]
[EventCountry "GER"]
[SourceTitle "Corr 2015"]
[Source "ChessBase"]
[SourceDate "2015.07.17"]
[SourceVersion "1"]
[SourceVersionDate "2015.07.17"]
[SourceQuality "1"]

1. Nf3 d5 2. d4 Nf6 3. g3 e6 4. Bg2 c5 5. 0-0 Be7 6. dxc5 Bxc5 7. c4 0-0 8. Nbd2 a6 9. cxd5 Qxd5 10. Nb3 Ba7 11. Nfd2 Qd8 12. Qc2 Qd7 13. Ne4 Nxe4 14. Bxe4 f5 15. Bg2 e5 16. Rd1 Qe7 17. Na5 e4 18. Bf4 Nd7 19. Bd6 Qf6 20. Bxf8 Nxf8 21. e3 Nd7 22. Qb3+ Kh8 23. Rac1 Nc5 24. Qc3 Qxc3 25. Rd8# 1-0

[Event "OP-2014-0-03535"]
[Site "LSS email"]
[Date "2014.10.23"]
[Round "?"]
[White "Firnhaber, Ingo"]
[Black "Fernandez Rodriguez, Ramon"]
[Result "1-0"]
[WhiteElo "2385"]
[BlackElo "1009"]
[PlyCount "51"]
[EventDate "2014.10.19"]
[EventType "tourn (corr)"]
[EventRounds "4"]
[EventCountry "GER"]
[SourceTitle "Corr 2015"]
[Source "ChessBase"]
[SourceDate "2015.07.17"]
[SourceVersion "1"]
[SourceVersionDate "2015.07.17"]
[SourceQuality "1"]

1. e4 b6 2. d4 Bb7 3. Bd3 e6 4. Nf3 Nf6 5. e5 Nd5 6. 0-0 c5 7. Be4 cxd4 8. Nxd4 Nc6 9. Bxd5 exd5 10. Nc3 Nxd4 11. Qxd4 Bc5 12. Qg4 g6 13. Bh6 a6 14. Rad1 d4 15. Ne4 Bxe4 16. Qxe4 Rc8 17. Bg7 Rg8 18. Bf6 Qc7 19. b4 Bxb4 20. Rxd4 Be7 21. Qh4 Bxf6 22. exf6 Qc5 23. Rfd1 Rc7 24. Qe4+ Kd8 25. Qa8+ Rc8 26. Rxd7+ 1-0

[Event "Andalucia-ch"]
[Site "Lucena"]
[Date "2012.04.29"]
[Round "5"]
[White "Fernandez Rodriguez, Ramon"]
[Black "Perez Garcia, Roberto"]
[Result "0-1"]
[WhiteElo "1851"]
[BlackElo "2192"]
[PlyCount "104"]
[EventDate "2012.04.26"]
[EventType "swiss"]
[EventRounds "9"]
[EventCountry "ESP"]
[SourceTitle "EXT 2013"]
[Source "ChessBase"]
[SourceDate "2012.11.22"]
[SourceVersion "1"]
[SourceVersionDate "2012.11.22"]
[SourceQuality "1"]

1. d4 Nf6 2. Nf3 g6 3. c4 Bg7 4. Nc3 d5 5. cxd5 Nxd5 6. e4 Nxc3 7. bxc3 c5 8. Rb1 0-0 9. Be2 b6 10. 0-0 Qc7 11. Be3 Bb7 12. e5 Rd8 13. Qb3 cxd4 14. cxd4 Bd5 15. Qb2 Nc6 16. Rbc1 Qb7 17. Rfd1 Rac8 18. Qa3 Na5 19. Rxc8 Rxc8 20. Rc1 Rxc1+ 21. Bxc1 Bf8 22. Qb2 Qc6 23. Bb5 Qe6 24. Ng5 Qf5 25. h3 h6 26. Nf3 Bxf3 27. gxf3 Qxf3 28. Bf1 e6 29. Qc2 Qc6 30. Qd1 Qd7 31. Bg2 Nc6 32. Qa4 Nxe5 33. Qxd7 Nxd7 34. Bf4 g5 35. Bc7 Bg7 36. Bc6 Nf6 37. Bb8 Nd5 38. a4 a5 39. Be5 Bxe5 40. dxe5 Nf4 41. Kh2 Nd3 42. Kg3 Nxe5 43. Bb5 f5 44. f4 Ng6 45. fxg5 hxg5 46. Kf3 Kg7 47. Ke3 Kf6 48. Kd4 Nf4 49. Bf1 g4 50. hxg4 fxg4 51. Kc4 Ke5 52. Kb5 Nd5 0-1

[Event "Almeria 2nd"]
[Site "Almeria"]
[Date "2007.??.??"]
[Round "8"]
[White "Arboledas Fernandez, Antonio A"]
[Black "Fernandez Rodriguez, Ramon"]
[Result "1-0"]
[WhiteElo "2059"]
[BlackElo "1975"]
[PlyCount "59"]
[EventDate "2007.12.06"]
[EventType "tourn"]
[EventRounds "9"]
[EventCountry "ESP"]
[SourceTitle "CBM 121 Extra"]
[Source "ChessBase"]
[SourceDate "2008.01.10"]
[SourceVersion "1"]
[SourceVersionDate "2008.01.10"]
[SourceQuality "1"]

1. d4 c5 2. e3 d5 3. c3 cxd4 4. exd4 Nc6 5. f4 Nf6 6. Bd3 Qc7 7. Nf3 Bg4 8. 0-0 e6 9. h3 Bxf3 10. Qxf3 g6 11. Qe2 0-0-0 12. b4 Bd6 13. Na3 Qd7 14. Nb5 Bb8 15. Be3 Nh5 16. Qf2 a6 17. Na3 Ne7 18. g4 Qa4 19. Qb2 Ng3 20. Rfc1 Bc7 21. b5 axb5 22. Nxb5 Ne4 23. Rab1 Qa8 24. c4 Nc6 25. Bxe4 dxe4 26. d5 Nb8 27. Na7+ Kd7 28. Qf6 Rhf8 29. dxe6+ fxe6 30. Qg7+ 1-0

[Event "Almeria 2nd"]
[Site "Almeria"]
[Date "2007.??.??"]
[Round "1"]
[White "Capel Fernandez, Manuel"]
[Black "Fernandez Rodriguez, Ramon"]
[Result "1-0"]
[WhiteElo "1892"]
[BlackElo "1975"]
[PlyCount "63"]
[EventDate "2007.12.06"]
[EventType "tourn"]
[EventRounds "9"]
[EventCountry "ESP"]
[SourceTitle "CBM 121 Extra"]
[Source "ChessBase"]
[SourceDate "2008.01.10"]
[SourceVersion "1"]
[SourceVersionDate "2008.01.10"]
[SourceQuality "1"]

1. e4 e5 2. Nf3 Nf6 3. Nxe5 d6 4. Nf3 Nxe4 5. d4 d5 6. Bd3 Bf5 7. 0-0 Bd6 8. c4 c6 9. Qc2 0-0 10. cxd5 cxd5 11. Nc3 Na6 12. a3 Re8 13. Be3 Nc7 14. Rae1 Qf6 15. Ne5 Bxe5 16. dxe5 Qxe5 17. f3 Nd6 18. Bb6 Bxd3 19. Qxd3 Qxe1 20. Rxe1 Rxe1+ 21. Kf2 Re7 22. Bxc7 Rxc7 23. Qxd5 Rc6 24. g4 Nc4 25. Qd7 Rb8 26. Nd5 Nb6 27. Nxb6 Rxb6 28. Qd4 h6 29. b4 Re8 30. a4 Ree6 31. a5 Rb5 32. Qd8+ 1-0

[Event "Almeria 2nd"]
[Site "Almeria"]
[Date "2007.??.??"]
[Round "7"]
[White "Fernandez Rodriguez, Ramon"]
[Black "Galindo Rodriguez, Francisco"]
[Result "0-1"]
[WhiteElo "1975"]
[BlackElo "2204"]
[PlyCount "86"]
[EventDate "2007.12.06"]
[EventType "tourn"]
[EventRounds "9"]
[EventCountry "ESP"]
[SourceTitle "CBM 121 Extra"]
[Source "ChessBase"]
[SourceDate "2008.01.10"]
[SourceVersion "1"]
[SourceVersionDate "2008.01.10"]
[SourceQuality "1"]

1. e4 d6 2. d4 Nf6 3. Nc3 c6 4. Nf3 g6 5. Be2 Bg7 6. 0-0 0-0 7. Bg5 Qc7 8. Qd2 b5 9. a3 Re8 10. d5 a6 11. dxc6 Qxc6 12. Nd4 Qc5 13. Be3 Qc7 14. Bh6 Bh8 15. Nd5 Nxd5 16. exd5 Bb7 17. Bf3 Nd7 18. c3 Nb6 19. Rad1 Rac8 20. Rfe1 Qc4 21. Nf5 Bf6 22. Ne3 Qh4 23. Ng4 Nc4 24. Qe2 Ne5 25. g3 Qh3 26. Bf4 Nxf3+ 27. Qxf3 Bg7 28. Ne3 e5 29. Bg5 f6 30. Bxf6 Rf8 31. Ng4 h5 32. Qe4 hxg4 33. Be7 Rf5 34. Bxd6 Rd8 35. Be7 Rd7 36. Bh4 Rdf7 37. Qe3 Rxf2 38. Qxf2 Rxf2 39. Kxf2 Qxh2+ 40. Ke3 Bh6+ 41. Ke4 g5 42. Rh1 Qe2+ 43. Kf5 Kf7 0-1

[Event "Almeria-ch"]
[Site "Nijar"]
[Date "2002.02.03"]
[Round "3"]
[White "Cano Sanchez, Josue"]
[Black "Fernandez Rodriguez, Ramon"]
[Result "1-0"]
[WhiteElo "2306"]
[BlackElo "2016"]
[PlyCount "81"]
[EventDate "2002.02.02"]
[EventType "swiss"]
[EventRounds "8"]
[EventCountry "ESP"]
[SourceTitle "CBM 086 Extra"]
[Source "ChessBase"]
[SourceDate "2002.03.14"]
[SourceVersion "1"]
[SourceVersionDate "2002.03.14"]
[SourceQuality "1"]

1. e4 e6 2. Qe2 c5 3. Nf3 Nc6 4. g3 Nf6 5. Bg2 d6 6. 0-0 Be7 7. b3 0-0 8. Bb2 e5 9. c3 h6 10. d4 Qb6 11. d5 Nb8 12. Nbd2 Qa6 13. c4 Bg4 14. h3 Bh5 15. g4 Bg6 16. Nxe5 dxe5 17. Bxe5 Nbd7 18. Bc3 Rfe8 19. f4 Nb6 20. e5 Nfxd5 21. Bb2 f5 22. a3 Rad8 23. Rf2 Nc7 24. Qf3 Bh4 25. Re2 Ne6 26. gxf5 Bxf5 27. Ne4 Nc8 28. Rf1 Bxe4 29. Qxe4 Nd4 30. Re3 Qc6 31. Qb1 Qc7 32. Bd5+ Kh8 33. Qe4 Nc6 34. f5 Bg5 35. Re2 N8e7 36. h4 Nxd5 37. cxd5 Nd4 38. Bxd4 cxd4 39. hxg5 hxg5 40. Qxd4 Qa5 41. d6 1-0